|
|
|
|
| LEADER |
01428cam a22003731a 4500 |
| 001 |
000033571 |
| 003 |
9751 |
| 005 |
20220714140911.0 |
| 008 |
151016s2001 000 eng |
| 010 |
|
|
|a 00053326
|
| 020 |
|
|
|a 1555878636 (alk. paper)
|
| 040 |
|
|
|a lnn
|c lnn
|d lnn
|
| 082 |
0 |
0 |
|a 320.51
|b CU-M
|
| 100 |
1 |
|
|a Cummings, Michael S.,
|d 1943-
|
| 245 |
1 |
0 |
|a Beyond political correctness :
|b social transformation in the United States /
|c Michael S. Cummings.
|
| 260 |
|
|
|a Boulder, Colo. :
|b L. Rienner Publishers,
|c 2001.
|
| 300 |
|
|
|a x, 339 p. ;
|c 23 cm.
|
| 440 |
|
0 |
|a Transformations in politics and society
|
| 504 |
|
|
|a Includes bibliographical references (p. 317-328) and index.
|
| 650 |
|
0 |
|a Liberalism
|z United States.
|
| 650 |
|
0 |
|a Communitarianism
|z United States.
|
| 650 |
|
0 |
|a Political correctness
|z United States.
|
| 651 |
|
0 |
|a United States
|x Social policy
|y 1993-
|
| 651 |
|
0 |
|a United States
|x Politics and government
|y 1993-2001.
|
| OWN |
|
|
|a LNN
|
| AVA |
|
|
|a UDN50
|b LNN
|c English
|d 420.9730 CU-M
|e available
|t Error 5001 Not defined in file expand_doc_bib_avail.
|f 4
|g 0
|h N
|i 0
|j AN
|
| 999 |
|
|
|a From the UDN01
|
| AVA |
|
|
|a UDN50
|b LNN
|c English
|d 420.9730 CU-M
|e available
|t Error 5001 Not defined in file expand_doc_bib_avail.
|f 4
|g 0
|h N
|i 0
|j AN
|
| TYP |
|
|
|a Monograph
|
| TYP |
|
|
|a Printed language
|
| 980 |
|
|
|a Mạng thư viện Đại học Đà Nẵng
|